Quiz Culture Générale en 2min (HARD) - Statistiques

Statistiques générales
  • Ce quiz a été pris 105 fois
  • Le résultat moyen est 9 sur 15
Statistiques - réponses
Question Réponse % Correct
Combien la Russie a-t-elle frontières ? 14
100%
En quelle année l'esclavage fut aboli ? 1848
100%
Combien y a-t-il d'os dans le corps humain ? 206
100%
A combien de mètres d'altitude culmine le Mont Everest ? 8 848
100%
Quelle est la formule brute du paracétamol ? C8H9NO2
100%
Quel est la traduction française de "Freiheit" Liberté
100%
Quel est la devise Libanaise ? Livre
100%
"Abroger" à la premiere personne du pluriel au passé antérieur nous eûmes abrogé
100%
Quelle est la capitale du Honduras Tegucigalpa
100%
En quelle année la construction du Taj Mahal a-t-elle débuté ? 1632
0%
Quel est le taux de chômage en Eswatini en 2022 ? 25%
0%
Comment s'appelle le damier du jeu de Go Goban
0%
Quel pays est le plus grand producteur de kiwi ? Italie
0%
Qui est l'inventeur du train ? Richard Trevithick
0%
Quel est le joueur de Hockey sur glace le plus titré de l'histoire ? Wayne Gretzky
0%
Aucun quiz correspondant
Distribution des résultats
% des personnes avec chaque résultat
Percentile par nombre de réponses
Votre historique - résultats
Vous n’avez pas pris ce quiz